[Event "11th Asrian Memorial 2018"]
[Site "Jermuk"]
[Date "2018.06.28"]
[Round "8"]
[White "Stupak, Kirill"]
[Black "Martirosyan, Haik M"]
[Result "0-1"]
[WhiteElo "2564"]
[BlackElo "2572"]
[Annotator "TA"]
[PlyCount "96"]
[EventDate "2018.06.21"]
[EventCountry "ARM"]
[SourceTitle "playchess.com"]
[Source "ChessBase"]
[SourceQuality "1"]

{[%evp 9,96,9,12,14,18,20,25,20,18,12,51,52,48,0,0,-218,-219,-246,-242,-219,-196,-335,-329,-331,-322,-286,-297,-306,-196,-196,-196,-203,-211,-211,-211,-195,-185,-281,-278,-271,-262,-287,-284,-295,-291,-325,-325,-331,-332,-327,-324,-318,-317,-317,-315,-316,-313,-304,0,-258,-238,-290,-286,-266,-195,-273,0,-287,-277,-281,-258,-298,-298,-281,-254,-335,-332,-344,-339,-393,-387,-372,-364,-452,-445,-552,-546,-527,-510]} 1. d4 d5 2. Bf4 Nf6 3. e3 e6 4. c3 b6 (4... c5 5. Nd2 Nc6 6. Ngf3 Be7 7. Bd3 Nh5 8. Be5 Nxe5 9. dxe5 g6 10. Qe2 Bd7 11. O-O O-O 12. g3 Qc7 13. e4 Rae8 14. Rfe1 c4 15. Bc2 Bc5 {½-½ (34) Granda Zuniga,J (2648)-Melkumyan,H (2653) Germany 2017}) 5. Nd2 Bb7 6. Bd3 {D00: 1 d4 d5: Unusual lines} Nbd7 7. a4 $146 ({Predecessor:} 7. h3 Be7 8. Ngf3 O-O 9. O-O a5 10. Qe2 Ne4 11. Rac1 Ndf6 12. c4 c5 13. cxd5 exd5 14. Rfd1 Nxd2 15. Rxd2 c4 16. Bb1 b5 {1-0 (57) Turner,M (2495)-James,D (2199) Halifax 2005}) 7... a6 8. Ngf3 {White has an edge.} Be7 9. Ne5 Ne4 10. Nxd7 Qxd7 11. Bxe4 dxe4 12. Qg4 $2 {[#]} (12. a5 $11) 12... g5 $1 $19 {[%mdl 512]} 13. Bxg5 Rg8 14. Nxe4 {[#]} h6 $1 {[%mdl 512]} 15. h4 (15. Qf3 {only move.} Bxg5 16. Nf6+ Bxf6 17. Qxb7) (15. Bxh6 Rxg4) 15... O-O-O 16. Qf4 hxg5 17. hxg5 Qd5 18. f3 Bxg5 19. Nxg5 Qxg5 20. Qxg5 Rxg5 21. Kf2 Rdg8 22. Rh2 f5 23. a5 (23. b3 $142) 23... b5 24. Rg1 Rg3 25. Rgh1 Bd5 26. Re1 Kb7 27. b4 Kc6 28. Re2 Kd6 29. Ke1 R3g6 30. Kf2 Bb7 31. Ke1 R8g7 32. Kd2 Bd5 33. Ke1 Bb7 34. Kd2 $1 e5 35. dxe5+ Kxe5 36. Ke1 Rd7 37. Rh4 (37. Rc2 $142) 37... Rdg7 38. Rh2 $1 Kd5 39. Kd2 Rd7 40. Rh4 Ke6+ 41. Ke1 Bd5 42. Rd2 Bc4 43. Rxd7 Kxd7 {KRB-KR} 44. Rh7+ Kc6 45. Kf2 Rd6 46. Kg3 Rd3 {Black is clearly winning.} 47. Rh6+ Kb7 48. Kf4 Rxc3 {Precision: White = 50%, Black = 75%.} 0-1

[Event "11th Asrian Memorial 2018"]
[Site "Jermuk"]
[Date "2018.06.28"]
[Round "8"]
[White "Stupak, Kirill"]
[Black "Martirosyan, Haik M."]
[Result "0-1"]
[WhiteElo "2564"]
[BlackElo "2572"]
[Annotator "TA"]
[PlyCount "96"]
[EventDate "2018.06.21"]
[EventCountry "ARM"]
[SourceTitle "playchess.com"]
[Source "ChessBase"]
[SourceQuality "1"]

{[%evp 9,96,0,18,12,17,10,22,14,25,16,56,49,55,0,0,-207,-218,-251,-252,-258,-198,-340,-331,-308,-304,-286,-285,-286,-215,-211,-215,-207,-219,-218,-217,-201,-193,-285,-279,-289,-288,-295,-282,-275,-285,-325,-327,-327,-327,-327,-326,-319,-319,-319,-319,-319,-314,-299,0,-279,-234,-288,-290,-276,-192,-260,0,-308,-269,-309,-291,-320,-315,-312,-300,-358,-347,-406,-368,-414,-414,-406,-406,-494,-469,-525,-552,-516,-508]} 1. d4 d5 2. Bf4 Nf6 3. e3 e6 4. c3 b6 (4... c5 5. Nd2 Nc6 6. Ngf3 Be7 7. Bd3 Nh5 8. Be5 Nxe5 9. dxe5 g6 10. Qe2 Bd7 11. O-O O-O 12. g3 Qc7 13. e4 Rae8 14. Rfe1 c4 15. Bc2 Bc5 {½-½ (34) Granda Zuniga,J (2648)-Melkumyan,H (2653) Germany 2017}) 5. Nd2 Bb7 6. Bd3 {D00: 1 d4 d5: Unusual lines} Nbd7 7. a4 $146 ({Predecessor:} 7. h3 Be7 8. Ngf3 O-O 9. O-O a5 10. Qe2 Ne4 11. Rac1 Ndf6 12. c4 c5 13. cxd5 exd5 14. Rfd1 Nxd2 15. Rxd2 c4 16. Bb1 b5 {1-0 (57) Turner,M (2495)-James,D (2199) Halifax 2005}) 7... a6 8. Ngf3 {The position is equal.} Be7 9. Ne5 Ne4 10. Nxd7 Qxd7 11. Bxe4 (11. a5 $14) 11... dxe4 $11 12. Qg4 $2 {[#]} (12. b4 $11 {and White is okay.}) 12... g5 $1 $19 {[%mdl 512]} 13. Bxg5 Rg8 14. Nxe4 {[#]} h6 $1 {[%mdl 512]} 15. h4 (15. Qf3 {keeps fighting.} Bxg5 16. h4) (15. Bxh6 Rxg4) 15... O-O-O ({Don't play} 15... hxg5 16. hxg5 e5 17. Qxd7+ Kxd7 18. f3 $19) 16. Qf4 hxg5 17. hxg5 Qd5 18. f3 Bxg5 19. Nxg5 Qxg5 20. Qxg5 Rxg5 21. Kf2 Rdg8 22. Rh2 f5 23. a5 (23. c4 $142) 23... b5 24. Rg1 Rg3 25. Rgh1 Bd5 26. Re1 Kb7 27. b4 Kc6 28. Re2 Kd6 29. Ke1 R3g6 30. Kf2 Bb7 31. Ke1 R8g7 32. Kd2 Bd5 33. Ke1 Bb7 34. Kd2 $1 e5 35. dxe5+ Kxe5 36. Ke1 Rd7 37. Rh4 (37. Rc2 $142) 37... Rdg7 38. Rh2 $1 Kd5 {Hoping for ...Kc4.} 39. Kd2 Rd7 40. Rh4 Ke6+ 41. Ke1 Bd5 42. Rd2 Bc4 43. Rxd7 Kxd7 {KRB-KR} 44. Rh7+ Kc6 45. Kf2 Rd6 46. Kg3 Rd3 {Black is clearly winning.} 47. Rh6+ Kb7 48. Kf4 Rxc3 {Precision: White = 47%, Black = 76%.} 0-1

[Event "11th Asrian Memorial 2018"]
[Site "Jermuk"]
[Date "2018.06.28"]
[Round "8"]
[White "Petrosyan, Manuel"]
[Black "Ter Sahakyan, Samvel"]
[Result "1/2-1/2"]
[WhiteElo "2551"]
[BlackElo "2546"]
[Annotator "TA"]
[PlyCount "141"]
[EventDate "2018.06.21"]
[EventCountry "ARM"]
[SourceTitle "playchess.com"]
[Source "ChessBase"]
[SourceQuality "1"]

{[%evp 10,141,29,0,0,14,0,12,22,14,31,22,14,22,28,27,29,18,29,29,40,29,33,25,40,32,33,25,37,29,25,19,18,26,25,17,14,19,16,19,29,26,25,25,33,35,29,0,8,0,20,14,35,31,24,41,23,5,29,21,35,29,29,29,29,17,18,0,0,0,0,0,0,0,14,14,54,35,31,18,28,31,31,29,37,0,0,0,0,0,0,0,10,12,23,15,20,0,78,11,10,6,6,11,29,18,62,0,0,0,0,0,0,0,0,0,0,0,0,0,0,0,0,0,0,0,0,0,0,0,0,0,0,0]} 1. d4 Nf6 2. c4 e6 3. Nf3 d5 4. g3 Be7 5. Bg2 O-O 6. Qb3 {LiveBook: 9 Games. E06: Closed Catalan: Early deviations} (6. O-O dxc4 7. Qc2 a6 8. a4 Bd7 9. Rd1 Bc6 10. Bg5 b5 11. Bxf6 Bxf6 12. Nc3 Qe8 13. e4 g6 14. h4 Nd7 15. axb5 axb5 16. Rxa8 Qxa8 {½-½ (26) Mamedyarov,S (2808)-So,W (2778) Stavanger 2018}) 6... Nc6 7. Bd2 $146 ({Predecessor:} 7. cxd5 Qxd5 8. Qxd5 exd5 9. Nc3 Bb4 10. Bf4 Bg4 11. e3 Ne4 12. Rc1 Rfe8 13. O-O Bxc3 14. bxc3 {½-½ (21) Sosonko,G (2545)-Kupreichik,V (2535) Reykjavik 1980}) 7... Ne4 8. O-O Bf6 9. e3 Ne7 10. Nc3 Nxd2 11. Nxd2 {[%cal Rc4d5]} c6 12. Rfd1 g6 13. Qc2 b6 14. b4 Bb7 15. Rab1 Qd7 16. a4 Rfc8 17. Qb3 Bg7 18. a5 Rab8 19. axb6 axb6 20. Na4 Qd8 21. c5 bxc5 22. bxc5 Ba6 23. Nb6 {Black must now prevent Qa3.} Rc7 $1 24. Qa3 Bb5 25. Bf1 Bxf1 26. Kxf1 Rcb7 27. Qa6 Qc7 28. Rb4 Ra7 29. Qd3 Rd8 30. Nf3 e5 31. dxe5 Bxe5 32. Nxe5 Qxe5 33. e4 Ra1 34. Rd4 Rxd1+ 35. Qxd1 Qe6 36. Kg2 h5 37. Qf3 Kg7 38. Qf4 Qf6 39. Qxf6+ Kxf6 $11 {[%mdl 4096] Endgame KRN-KRN} 40. f4 Ke6 41. Kf2 f5 42. exd5+ cxd5 43. Ke3 h4 44. Rd1 hxg3 45. hxg3 Rh8 46. Re1 Nc6 47. Kd3+ Kf7 48. Nd7 {Hoping for Ne5+.} Rc8 $1 49. Kc3 Rc7 50. Nb6 Ra7 51. Nxd5 {And now Nb4 would win.} Ra3+ 52. Kc4 {aiming for Rb1.} Rxg3 53. Rb1 Ke6 {[#]} (53... Rg2 $11 {remains equal.}) 54. Rb6 (54. Rd1 $1 $16) 54... Kd7 55. Rb7+ Ke6 56. Nc7+ ({Don't play} 56. Rb6 $6 Kd7 $16) 56... Kd7 57. Nb5+ Kd8 {[#] Strongly threatening ...Na5+.} 58. Rg7 ({Better is} 58. Kd5 $14 Ne7+ 59. Ke6 Re3+ 60. Kf7) 58... Rf3 {The position is equal.} 59. Kd5 Nb4+ 60. Ke6 {[%cal Rg7g8]} Re3+ 61. Kf7 Re7+ 62. Kxg6 {Rxe7 is the strong threat.} Rxg7+ 63. Kxg7 {Threatens to win with Kf6. KN-KN} Nd3 64. c6 Nxf4 65. Kf6 Nd5+ 66. Ke5 Nb4 67. c7+ Kd7 68. Kxf5 Na6 69. Ke5 Nxc7 70. Nxc7 Kxc7 71. Ke4 {Precision: White = 58%, Black = 62%.} 1/2-1/2

[Event "11th Asrian Memorial 2018"]
[Site "Jermuk"]
[Date "2018.06.28"]
[Round "8"]
[White "Hakobyan, Aram"]
[Black "Zhigalko, Andrey"]
[Result "1/2-1/2"]
[WhiteElo "2542"]
[BlackElo "2562"]
[Annotator "TA"]
[PlyCount "61"]
[EventDate "2018.06.21"]
[EventCountry "ARM"]
[SourceTitle "playchess.com"]
[Source "ChessBase"]
[SourceQuality "1"]

{[%evp 21,61,-10,-8,0,0,0,0,0,21,19,26,17,12,16,36,0,0,0,0,0,0,0,0,-9,16,8,11,12,8,0,0,0,30,0,0,0,0,0,0,0,0,0]} 1. Nf3 d5 2. c4 d4 3. g3 Nc6 4. Bg2 e5 5. d3 Nf6 6. O-O a5 7. e3 {A09: Réti Opening: 1 Nf3 d5 2 c4} Bc5 8. exd4 Bxd4 9. Nxd4 Nxd4 10. Re1 O-O 11. Nc3 Re8 {LiveBook: 3 Games} 12. h3 Bd7 $146 ({Predecessor:} 12... Ra6 13. f4 Rae6 14. fxe5 Rxe5 15. Rxe5 Rxe5 {0-1 (55) Kovalev,D (2504)-Piorun,K (2651) Katowice 2017}) 13. Be3 Bc6 14. Bxd4 exd4 15. Rxe8+ Qxe8 16. Nd5 Bxd5 17. cxd5 Qb5 18. a4 Qb6 19. Qc2 Rd8 20. Rc1 Rd7 {[%cal Bd8d7,Bd7e7,Be7e1][%mdl 32]} 21. b3 g6 22. Qc4 Re7 23. b4 Qxb4 24. Qxb4 axb4 $11 {[%mdl 4096] Endgame KRB-KRN} 25. d6 cxd6 26. Rb1 d5 27. Rxb4 Re1+ {The position is equal.} 28. Kh2 Re2 29. Kg1 Re1+ 30. Kh2 Re2 31. Kg1 {Precision: White = 68%, Black = 73%.} 1/2-1/2

[Event "11th Asrian Memorial 2018"]
[Site "Jermuk"]
[Date "2018.06.28"]
[Round "8"]
[White "Gabuzyan, Hovhannes"]
[Black "Tutisani, Noe"]
[Result "1-0"]
[WhiteElo "2539"]
[BlackElo "2469"]
[Annotator "ChessBase"]
[PlyCount "65"]
[EventDate "2018.06.21"]
[EventCountry "ARM"]
[SourceTitle "playchess.com"]
[Source "ChessBase"]
[SourceQuality "1"]
[TimeControl "40/5400+30:1800+30"]

1. c4 {[%emt 0:03:31]} Nf6 {[%emt 0:00:00]} 2. Nc3 {[%emt 0:00:04]} g6 {[%emt 0:00:20]} 3. g3 {[%emt 0:00:04]} e5 {[%emt 0:01:06]} 4. Bg2 {[%emt 0:00:04]} Bg7 {[%emt 0:00:04]} 5. d3 {[%emt 0:00:06]} O-O {[%emt 0:00:16]} 6. e4 {[%emt 0:00:20]} d6 {[%emt 0:04:32]} 7. Nge2 {[%emt 0:00:06]} c6 {[%emt 0:00:30]} 8. O-O {[%emt 0:00:19]} Be6 {[%emt 0:00:03]} 9. b4 {[%emt 0:03:29]} d5 {[%emt 0:00:46]} 10. exd5 {[%emt 0:00:38]} cxd5 {[%emt 0:00:06]} 11. Bg5 {[%emt 0:00:03]} Na6 {[%emt 0:17:51]} 12. cxd5 {[%emt 0:06:25]} Bg4 {[%emt 0:01:24]} 13. Qb3 {[%emt 0:02:31]} Qd7 {[%emt 0:01:31]} 14. Rfe1 {[%emt 0:00:08]} Rac8 {[%emt 0:03:13]} 15. Rac1 {[%emt 0:04:30]} Qf5 {[%emt 0:05:05]} 16. Bxf6 {[%emt 0:01:33]} Qxf6 {[%emt 0:00:05]} 17. a3 {[%emt 0:03:10]} Bh6 {[%emt 0:09:17]} 18. Ne4 {[%emt 0:01:16]} Qb6 {[%emt 0:02:57]} 19. Rxc8 {[%emt 0:02:00]} Bxc8 {[%emt 0:00:13]} 20. N2c3 {[%emt 0:05:26]} f5 {[%emt 0:11:06]} 21. d6+ {[%emt 0:00:19]} Kh8 {[%emt 0:00:05]} 22. Nd5 {[%emt 0:00:46]} Qd4 {[%emt 0:00:19]} 23. Nec3 {[%emt 0:00:57]} Bd7 {[%emt 0:06:28]} 24. h3 {[%emt 0:05:28]} Bc6 {[%emt 0:05:09]} 25. Ne2 {[%emt 0:01:27]} Bxd5 {[%emt 0:00:22]} 26. Nxd4 {[%emt 0:00:05]} Bxb3 {[%emt 0:00:05]} 27. Nxb3 {[%emt 0:00:03]} Rd8 {[%emt 0:00:05]} 28. Bxb7 {[%emt 0:00:34]} Rxd6 {[%emt 0:00:08]} 29. Rxe5 {[%emt 0:00:09]} Rxd3 {[%emt 0:02:43]} 30. Re8+ {[%emt 0:00:04]} Kg7 {[%emt 0:00:05]} 31. Na5 {[%emt 0:00:03]} Rd6 {[%emt 0:00:36]} 32. Nc4 {[%emt 0:00:46]} Rf6 {[%emt 0:01:02]} 33. Rc8 {[%emt 0:00:10]} 1-0

[Event "11th Asrian Memorial 2018"]
[Site "Jermuk"]
[Date "2018.06.28"]
[Round "8"]
[White "Yegiazaryan, Armenak"]
[Black "Pashikian, Arman"]
[Result "1/2-1/2"]
[WhiteElo "2365"]
[BlackElo "2608"]
[Annotator "TA"]
[PlyCount "147"]
[EventDate "2018.06.21"]
[EventCountry "ARM"]
[SourceTitle "playchess.com"]
[Source "ChessBase"]
[SourceQuality "1"]

{[%evp 17,147,14,16,0,0,0,0,-6,0,-21,7,-18,-6,-11,-11,-11,0,-16,-13,-16,-8,-20,-14,-21,-19,-20,-16,-23,-15,-13,-6,-21,-3,-40,-39,-39,-39,-39,-39,-39,-42,-43,-15,-15,-16,-16,-29,-32,-5,-7,0,0,0,0,0,0,0,0,0,0,0,-6,-6,-7,-6,-8,-8,-10,-11,-14,-10,-21,-20,-106,-123,-129,-136,-136,-132,-158,-120,-123,-112,-107,-107,-109,-160,-150,-144,-179,-179,-139,-41,-47,-47,-70,-62,-233,-77,-90,-84,-85,-77,-114,-52,-81,0,-129,-44,-65,-19,-53,-38,-126,0,0,0,0,0,0,0,0,0,0,0,0,0,0,0,0,0,0]} 1. e4 e5 2. Nf3 Nc6 3. Bc4 Bc5 4. c3 Nf6 5. d3 d6 6. O-O h6 7. a4 {C54: Giuoco Piano: 4 c3 Nf6, main lines with 5 d4 and 5 d3} (7. Re1 O-O 8. h3 a5 9. Nbd2 Be6 10. Bb5 Qb8 11. Nf1 Qa7 12. Re2 a4 13. Ng3 Qa5 14. Bxc6 bxc6 15. Nh4 Rfe8 16. Re1 {½-½ (28) Mamedyarov,S (2808)-Karjakin,S (2782) Stavanger 2018}) 7... a5 8. h3 O-O 9. Re1 Be6 {LiveBook: 14 Games} 10. Qb3 Bxc4 11. Qxc4 Re8 12. Nbd2 Qd7 13. Nf1 Bb6 $146 ({Predecessor:} 13... Nh5 14. Ne3 Ne7 {0-1 (60) Corredor Pravia,M (2060)-Fernandez Baniago,F Asturias 2000}) 14. Ng3 d5 15. Qb3 Rad8 16. Bd2 Re6 {[%cal Be8e6,Be6d6,Bd6d5][%mdl 32]} (16... Qe6 {is interesting.} 17. Qc2 dxe4 18. dxe4 Qc4 19. Rac1 Rd7) 17. Be3 Bxe3 18. Rxe3 g6 19. Ree1 b6 20. Rad1 Rd6 21. exd5 Rxd5 22. Qc4 Qd6 23. Re3 Qc5 24. Rde1 (24. Qb3 {looks sharper.} Kg7 25. Rd2 Qd6 26. Qd1 Qd7 27. Ree2) 24... Kg7 25. Nxe5 (25. Qa6 {is more complex.} Nd7 26. Ne4 Qe7 27. g4 Nc5 28. Nxc5 Qxc5 29. Qc4) 25... Rxe5 26. Rxe5 Qxc4 27. dxc4 Nxe5 28. Rxe5 $11 {[%mdl 4096] Endgame KRN-KRN} Rd1+ 29. Kh2 Nd7 30. Re2 Nc5 31. Ne4 {next Nxc5 is good for White.} Nd3 32. b4 $1 axb4 33. cxb4 Nxb4 34. c5 $1 Rd4 35. cxb6 cxb6 36. Nc3 Rc4 37. Re3 h5 38. g3 h4 39. gxh4 Rxh4 40. Kg3 Rc4 41. Ne2 Nd5 42. Ra3 Rc5 43. Rb3 Kf6 44. f3 Ke5 45. h4 (45. Rb2 $11 {keeps the balance.}) 45... Rc2 $17 46. Ng1 Ra2 47. Nh3 Rxa4 48. Ng5 f6 49. Nf7+ Ke6 50. Nh8 g5 51. hxg5 fxg5 ({Better is} 51... Ra8 52. Ng6 fxg5) 52. Ng6 Ra8 $1 {[%cal Ra8g8]} 53. Rb5 Ra5 $1 {[%cal Ra5b5]} ({Inferior is} 53... Rg8 54. Rxd5 $1 {[%mdl 512]} Rxg6 55. Rb5 $11) 54. Rb1 b5 ({Black should try} 54... Kf5 $17 55. Nf8 b5) 55. Re1+ $15 Kf6 56. Ne5 $1 b4 {aiming for ...b3.} 57. Nc6 $2 {[#]} (57. Nd3 $15) 57... Rc5 $2 (57... Ra2 $1 $19 {is more deadly. Strongly threatening ...Nf4.} 58. Ne5 b3 59. Ng4+ Kg6 60. Ne5+ Kf6 61. Ng4+ Kg6 62. Ne5+ Kf5) 58. Nd4 $17 Rc4 59. Nb3 Nf4 {White must now prevent ...Rc2.} 60. Ra1 Nh5+ (60... Rc3 $17 61. Ra6+ Ke5 62. Ra5+ Kd6) 61. Kh3 Nf4+ 62. Kg3 Kg6 (62... Rc3 $17 63. Ra6+ Ke5 64. Ra5+ Kd6) 63. Ra2 $1 $15 Nd3 64. Nd2 Rc6 65. Ra5 {[#]} Rc5 (65... Rc2 $1 $17 {[%cal Rc2d2]} 66. Ne4 b3 67. Rxg5+ Kh6) 66. Rxc5 $11 {The position is equal.} Nxc5 {KN-KN} 67. f4 Kf5 {( -> ...Ne4+)} 68. fxg5 Kxg5 69. Kf3 Kf5 70. Ke2 Ke5 {Hoping for ...Kd4.} 71. Kd1 Kd4 {...Kc3 is the strong threat.} 72. Kc2 {[#]} b3+ $1 {[%mdl 512]} 73. Nxb3+ Nxb3 74. Kxb3 {Precision: White = 60%, Black = 46%.} 1/2-1/2

[Event "11th Asrian Memorial 2018"]
[Site "Jermuk"]
[Date "2018.06.29"]
[Round "9"]
[White "Sasikiran, Krishnan"]
[Black "Sethuraman, S P"]
[Result "1/2-1/2"]
[WhiteElo "2666"]
[BlackElo "2657"]
[Annotator "ChessBase"]
[PlyCount "25"]
[EventDate "2018.06.21"]
[EventCountry "ARM"]
[SourceTitle "playchess.com"]
[Source "ChessBase"]
[SourceQuality "1"]
[TimeControl "40/5400+30:1800+30"]

1. e4 {[%emt 0:00:00]} e5 {[%emt 0:00:24]} 2. Nf3 {[%emt 0:00:00]} Nc6 {[%emt 0:00:04]} 3. Bb5 {[%emt 0:00:00]} a6 {[%emt 0:00:08]} 4. Ba4 {[%emt 0:00:03]} Nf6 {[%emt 0:00:05]} 5. O-O {[%emt 0:00:26]} Bc5 {[%emt 0:00:07]} 6. d3 {[%emt 0:06:07]} b5 {[%emt 0:00:50]} 7. Bb3 d6 8. a4 {[%emt 0:01:31]} Rb8 {[%emt 0:02:11]} 9. axb5 {[%emt 0:04:37]} axb5 {[%emt 0:00:09]} 10. c3 {[%emt 0:00:37]} O-O {[%emt 0:12:49]} 11. Re1 {[%emt 0:03:01]} h6 {[%emt 0:01:36]} 12. Nbd2 {[%emt 0:07:30]} Bb6 {[%emt 0:07:32]} 13. Nf1 {[%emt 0:04:39]} 1/2-1/2

[Event "11th Asrian Memorial 2018"]
[Site "Jermuk"]
[Date "2018.06.29"]
[Round "9"]
[White "Hovhannisyan, Robert"]
[Black "Hakobyan, Aram"]
[Result "1-0"]
[WhiteElo "2625"]
[BlackElo "2542"]
[Annotator "ChessBase"]
[PlyCount "68"]
[EventDate "2018.06.21"]
[EventCountry "ARM"]
[SourceTitle "playchess.com"]
[Source "ChessBase"]
[SourceQuality "1"]
[TimeControl "40/5400+30:1800+30"]

1. e4 {[%emt 0:00:00]} c5 {[%emt 0:01:04]} 2. Nf3 {[%emt 0:00:52]} d6 {[%emt 0:00:59]} 3. d4 {[%emt 0:00:42]} cxd4 {[%emt 0:00:06]} 4. Nxd4 {[%emt 0:00:04]} Nf6 {[%emt 0:00:02]} 5. Nc3 {[%emt 0:00:09]} Bd7 {[%emt 0:00:01]} 6. Be2 {[%emt 0:02:21]} e5 {[%emt 0:00:07]} 7. Ndb5 {[%emt 0:03:44]} Bc6 {[%emt 0:00:27]} 8. Nd5 {[%emt 0:05:56]} Bxd5 {[%emt 0:12:12]} 9. exd5 {[%emt 0:00:05]} a6 {[%emt 0:00:20]} 10. Nc3 {[%emt 0:02:07]} Nbd7 {[%emt 0:00:29]} 11. Be3 {[%emt 0:03:10]} g6 {[%emt 0:01:40]} 12. g4 {[%emt 0:04:27]} b5 {[%emt 0:10:55]} 13. g5 {[%emt 0:07:17]} b4 {[%emt 0:00:25]} 14. Nb1 {[%emt 0:01:11]} Ne4 {[%emt 0:01:44]} 15. Nd2 {[%emt 0:00:27]} Nec5 {[%emt 0:12:39]} 16. a3 {[%emt 0:09:06]} Rb8 {[%emt 0:10:16]} 17. axb4 {[%emt 0:06:04]} Rxb4 {[%emt 0:00:03]} 18. Ra2 {[%emt 0:00:09]} a5 {[%emt 0:03:15]} 19. Nc4 {[%emt 0:05:06]} a4 {[%emt 0:07:02]} 20. c3 {[%emt 0:01:41]} Rb8 {[%emt 0:00:42]} 21. Bg4 {[%emt 0:03:02]} Be7 {[%emt 0:18:33]} 22. Bxd7+ {[%emt 0:02:00]} Nxd7 {[%emt 0:00:24]} 23. Rxa4 {[%emt 0:00:15]} O-O {[%emt 0:02:20]} 24. Qg4 {[%emt 0:03:05]} h5 {[%emt 0:01:07]} 25. gxh6 {[%emt 0:02:53]} Nf6 {[%emt 0:00:39]} 26. Qg2 {[%emt 0:01:54]} Rb5 {[%emt 0:00:30]} 27. h4 {[%emt 0:03:47]} Kh7 {[%emt 0:00:21]} 28. h5 {[%emt 0:03:04]} Rg8 {[%emt 0:00:15]} 29. Qf3 {[%emt 0:02:21]} gxh5 {[%emt 0:02:37]} 30. Qf5+ {[%emt 0:02:36]} Kh8 {[%emt 0:02:36]} 31. Ra7 {[%emt 0:02:00]} Rg6 {[%emt 0:06:16]} 32. Ke2 {[%emt 0:01:51]} Rg4 {[%emt 0:00:59]} 33. Bg5 {[%emt 0:05:11]} Nxd5 {[%emt 0:05:21]} 34. Bxe7 {[%emt 0:03:03]} Nf4+ {[%emt 0:00:32]} 1-0

[Event "11th Asrian Memorial 2018"]
[Site "Jermuk"]
[Date "2018.06.29"]
[Round "9"]
[White "Pashikian, Arman"]
[Black "Abdumalik, Zhansaya"]
[Result "1-0"]
[WhiteElo "2608"]
[BlackElo "2488"]
[Annotator "ChessBase"]
[PlyCount "73"]
[EventDate "2018.06.21"]
[EventCountry "ARM"]
[SourceTitle "playchess.com"]
[Source "ChessBase"]
[SourceQuality "1"]
[TimeControl "40/5400+30:1800+30"]

1. d4 {[%emt 0:00:14]} Nf6 {[%emt 0:00:08]} 2. Nf3 {[%emt 0:00:04]} g6 {[%emt 0:00:23]} 3. Nbd2 {[%emt 0:00:06]} d5 {[%emt 0:01:57]} 4. b4 {[%emt 0:00:42]} Bg7 {[%emt 0:01:25]} 5. Bb2 {[%emt 0:00:07]} O-O {[%emt 0:00:58]} 6. e3 {[%emt 0:00:08]} Bf5 {[%emt 0:03:54]} 7. Be2 {[%emt 0:02:53]} Re8 {[%emt 0:03:29]} 8. O-O {[%emt 0:05:49]} c6 {[%emt 0:02:59]} 9. c4 {[%emt 0:01:33]} h6 {[%emt 0:07:30]} 10. a4 {[%emt 0:07:05]} Nbd7 {[%emt 0:01:51]} 11. Qb3 {[%emt 0:08:43]} e6 {[%emt 0:06:49]} 12. Rfd1 {[%emt 0:13:06]} g5 {[%emt 0:04:52]} 13. b5 {[%emt 0:02:50]} a6 {[%emt 0:01:49]} 14. Rac1 {[%emt 0:11:34]} axb5 {[%emt 0:06:29]} 15. axb5 {[%emt 0:00:15]} Ne4 {[%emt 0:03:48]} 16. cxd5 {[%emt 0:07:37]} cxd5 {[%emt 0:00:42]} 17. Nxe4 {[%emt 0:00:42]} Bxe4 {[%emt 0:00:55]} 18. Ne5 {[%emt 0:03:18]} Bf8 {[%emt 0:15:28]} 19. Nd3 {[%emt 0:06:06]} Qb6 {[%emt 0:07:28]} 20. Nc5 {[%emt 0:01:14]} Nf6 {[%emt 0:00:06]} 21. Nxe4 {[%emt 0:01:56]} Nxe4 {[%emt 0:00:44]} 22. Bd3 {[%emt 0:02:31]} Rec8 {[%emt 0:05:00]} 23. Bxe4 {[%emt 0:03:22]} dxe4 {[%emt 0:00:18]} 24. d5 {[%emt 0:00:30]} exd5 {[%emt 0:01:28]} 25. Qxd5 {[%emt 0:02:44]} Rxc1 {[%emt 0:03:57]} 26. Rxc1 {[%emt 0:01:00]} Bg7 {[%emt 0:01:39]} 27. Bxg7 {[%emt 0:00:39]} Kxg7 {[%emt 0:00:01]} 28. Qe5+ {[%emt 0:02:02]} Kg8 {[%emt 0:06:04]} 29. g3 {[%emt 0:01:41]} Rd8 {[%emt 0:01:35]} 30. Rc4 {[%emt 0:02:23]} Qg6 {[%emt 0:06:46]} 31. Rxe4 {[%emt 0:00:54]} Qd6 {[%emt 0:01:57]} 32. Qd4 {[%emt 0:05:30]} Qc7 {[%emt 0:01:45]} 33. Qf6 {[%emt 0:00:25]} Rd1+ {[%emt 0:00:48]} 34. Kg2 {[%emt 0:00:08]} Qd8 {[%emt 0:01:10]} 35. Re7 {[%emt 0:00:39]} Qf8 {[%emt 0:00:36]} 36. Rxb7 {[%emt 0:00:16]} Rd6 {[%emt 0:00:22]} 37. Qf5 {[%emt 0:00:41]} 1-0